| 000 | 01892nam a2200505 i 4500 | ||
|---|---|---|---|
| 001 | 52659 | ||
| 003 | KOSZ 005 | ||
| 005 | 20220421133158.0 | ||
| 008 | 070205s2006 pl a f f |001 0 pol | ||
| 015 | _aPB 2007/3049 | ||
| 020 | _a8301148411 | ||
| 020 | _a9788301148416 | ||
| 035 | _a(OCoLC)749215064 | ||
| 040 |
_aWA N _cWA N _dKOSZ 005/HR |
||
| 041 | 1 |
_apol _heng |
|
| 080 | _a615.9 | ||
| 080 | _a504.5 | ||
| 080 | _a54 | ||
| 080 | _a577.1 | ||
| 080 | _a(075.8) | ||
| 100 | 1 |
_aManahan, Stanley E. _d(1937- ). _eAutor |
|
| 245 | 1 | 0 |
_aToksykologia środowiska : _baspekty chemiczne i biochemiczne / _cStanley E. Manahan ; z jęz. ang. tł. Władysław Boczoń, Henryk Koroniak. |
| 246 | 1 |
_iTyt. oryg.: _aToxicological chemistry and biochemistry, _f2003. |
|
| 260 |
_aWarszawa : _bWydawnictwo Naukowe PWN, _c2006. |
||
| 300 |
_aXXV, [1], 530 s. : _bil. ; _c24 cm. |
||
| 380 | _aKsiążki. | ||
| 380 | _aPublikacje naukowe | ||
| 380 | _aPublikacje dydaktyczne | ||
| 385 |
_mPoziom nauczania _aSzkoły wyższe |
||
| 388 | _a2001- | ||
| 504 | _aBibliogr. przy rozdz. Indeks. | ||
| 521 | 8 | _aPodręcznik dla studentów chemii, biologii, geografii, ochrony środowiska, farmacji i medycyny różnych typów uczelni wyższych, dla wykładowców, pracowników naukowych oraz osób zajmujących się ochroną środowiska. | |
| 650 | 4 | _aBiochemia | |
| 650 | 4 | _aChemia | |
| 650 | 4 | _aToksykologia środowiskowa | |
| 655 | 4 | _aPodręczniki akademickie | |
| 658 | _aChemia | ||
| 658 | _aBiologia | ||
| 658 | _aOchrona środowiska | ||
| 700 | 1 |
_aKoroniak, Henryk _d(1949- ) _eTłumaczenie |
|
| 700 | 1 |
_aBoczoń, Władysław _eTłumaczenie |
|
| 710 | 2 |
_aWydawnictwo Naukowe PWN _4pbl. |
|
| 856 | 4 | 1 |
_uhttp://koha.tu.koszalin.pl/cgi-bin/koha/opac-detail.pl?biblionumber=52659 _yKatalog online BPK |
| 942 |
_2UKD _cKS |
||
| 999 |
_c52659 _d52659 |
||